Direito administrativo / (Record no. 1600)

MARC details
000 -LÍDER
Campo Fixo de Controle 00749nam a2200253 4500
001 - NÚMERO DE CONTROLE
Campo de Controle 1600
003 - IDENTIFICAÇÃO DO NÚMERO DE CONTROLE
Campo de Controle BR-CuiBMT
005 - DATA E HORA DA ÚLTIMA ATUALIZAÇÃO
Campo de Controle 20231217023605.0
008 - DADOS FIXOS
Dados Fixos 231217s2023 spba 000 0 por d
020 ## - INTERNATIONAL STANDARD BOOK NUMBER
Nº do ISBN 9786557389140
040 ## - AGÊNCIA CATALOGADORA
Código da Agência Catalogadora BR-CuiBMT
Agência que transcreveu o registro BR-CuiBMT
080 ## - Nº DA CLASSIFICAÇÃO DECIMAL UNIVERSAL
Nº Class. CDU 342.9
Nº edição CDU 2007
090 ## - NÚMERO DE CHAMADA
Nº classificação 342.9
Cutter L349d
Ano/Edição 2. ed.
100 1# - ENTRADA PRINCIPAL -- AUTOR PESSOAL
Nome pessoal L'Astorina, Felipe Boarin
245 10 - TÍTULO PRINCIPAL
Título principal Direito administrativo /
Indicação de responsabilidade Felipe Boarin L'Astorina, Ferdinando Scremin Neto.
250 ## - EDIÇÃO
Edição 2. ed., atual. e ampl.
260 ## - PUBLICAÇÃO, DISTRIBUIÇÃO, ETC.
Local de publicação São Paulo :
Editora Rideel,
Data 2023.
300 ## - DESCRIÇÃO FÍSICA
N. páginas ou volumes xviii, 402 p. :
Ilustrações il. ;
Dimensões 24 cm
490 1# - INDICAÇÃO DE SÉRIE
Título da série Coleção amo direito
650 ## - ASSUNTO TÓPICO
Cabeçalho tópico ou nome geográfico Direito administrativo
Subdivisão geográfica Brasil
700 1# - ENTRADA SECUNDÁRIA -- NOME PESSOAL
Nome pessoal Scremin Neto, Ferdinando
830 #0 - ENTRADA SECUNDÁRIA DE SÉRIE -- TÍTULO UNIFORME
Título uniforme Amo direito
942 ## - ELEMENTOS DE ENTRADA ADICIONAIS (KOHA)
Fonte de classificação ou esquema de arquivamento Classificação Decimal Universal
Tipo de item do Koha Livros
Holdings
Estado: removido Estado: perdido Fonte de classificação ou esquema de arquivamento Estado: danificado Indisponível para empréstimo Localização permanente Localização atual Data de aquisição Total Checkouts Número de Chamada completo Código de barras Date last seen Número do exemplar Preço efetivo a partir de Tipo de item (Koha)
    Classificação Decimal Universal     Biblioteca da Escola Superior de Contas do TCE/MT Biblioteca da Escola Superior de Contas do TCE/MT 16/12/2023   342.9 L349d 2. ed. BIBTCEMT23120722 17/12/2023 Ex. 1 17/12/2023 Livros

Powered by Koha